Nếp sống cổ truyền người Chăm huyện Vân Canh - tỉnh Bình Định

TM tài liệu tham khảo tr. 259 - 261; Nghiên cứu về văn hóa dân gian Chăm và các nét đẹp trong nếp sống cổ truyền của người Chăm huyện Vân Canh - tỉnh Quảng Bình; đề xuất một số giải pháp bảo tồn, phát huy tinh hoa nếp sống cổ truyền của ngư...

Cur síos iomlán

Đã lưu trong:
Sonraí Bibleagrafaíochta
Príomhúdar: Nguyễn, Xuân Nhân
Údair Eile: Đoàn, Văn Téo
Formáid: Leabhar
Teanga:Undetermined
Foilsithe: H. Lao Động 2011
Ábhair:
Rochtain Ar Líne:http://lrc.tdmu.edu.vn/opac/search/detail.asp?aID=2&ID=18366
Clibeanna: Cuir Clib Leis
Gan Chlibeanna, Bí ar an gcéad duine leis an taifead seo a chlibeáil!
Thư viện lưu trữ: Trung tâm Học liệu Trường Đại học Thủ Dầu Một
LEADER 01350nam a2200217Ia 4500
001 TDMU_18366
008 210410s9999 xx 000 0 und d
082 |a 398.089 
090 |b NG527 
100 |a Nguyễn, Xuân Nhân 
245 0 |a Nếp sống cổ truyền người Chăm huyện Vân Canh - tỉnh Bình Định 
245 0 |c Nguyễn Xuân Nhân, Đoàn Văn Téo 
260 |a H. 
260 |b Lao Động 
260 |c 2011 
300 |a 264 tr. 
520 |a TM tài liệu tham khảo tr. 259 - 261; Nghiên cứu về văn hóa dân gian Chăm và các nét đẹp trong nếp sống cổ truyền của người Chăm huyện Vân Canh - tỉnh Quảng Bình; đề xuất một số giải pháp bảo tồn, phát huy tinh hoa nếp sống cổ truyền của người Chăm  
650 |a Văn hóa dân gian  |x Dân tộc Chăm  |x Nếp sống  |z Vân Canh (Bình Định - Việt Nam); Dân tộc Chăm  |x Nếp sống  |z Vân Canh (Bình Định - Việt Nam); Nếp sống  |x Dân tộc Chăm  |z Vân Canh (Bình Định - Việt Nam) 
700 |a Đoàn, Văn Téo 
856 |u http://lrc.tdmu.edu.vn/opac/search/detail.asp?aID=2&ID=18366 
980 |a Trung tâm Học liệu Trường Đại học Thủ Dầu Một